000 00456nam a2200181Ia 4500
008 090123s9999 xx 000 0 und d
082 _b17272
100 _aबगे आशा
245 _aपुजा
250 _a1
260 _bमॅजेस्टिक प्रकाशन
_c1989
300 _a198
600 _aबगे आशा
630 _aपुजा
700 _aबगे आशा
730 _aपुजा
942 _cBOOK
999 _c55332
_d55332